000 00709nam a22002177a 4500
003 UA-OsUOA
001 109589
007 ta
008 20150122b un ||||| |||| 00| 0 ukr d
100 _aДоценко О.
090 _a82
_bД71
942 _cSA
040 _aUA-OsUOA
_bukr
_cUA-OsUOA
_dUA-OsUOA
245 _aКольористика як засіб асоціативно-образного бачення твору
300 _aС.13-16
955 _a0
041 _aukr
080 _a82
773 0 _w109587
_tУкраїнська література в загальноосвітній школі
_dК.
_d2014
_g12
650 7 _a82 Література. Літературознавство
_2UDC
999 _c395672
_d395672